Welcome to CU Library Online Public Access Catalogue (OPAC)

Jehovah's Witnesses, Jesus Christ, and the Gospel of John / (Record no. 7003)

MARC details
000 -LEADER
fixed length control field 00639cam a2200205 a 4500
001 - CONTROL NUMBER
control field 1966423
005 - DATE AND TIME OF LATEST TRANSACTION
control field 20250716155627.0
008 - FIXED-LENGTH DATA ELEMENTS--GENERAL INFORMATION
fixed length control field 881118s1989 miu b 001 0 eng
020 ## - INTERNATIONAL STANDARD BOOK NUMBER
International Standard Book Number 0801009553
020 ## - INTERNATIONAL STANDARD BOOK NUMBER
International Standard Book Number 9780801009556
050 00 - LIBRARY OF CONGRESS CALL NUMBER
Classification number BS2615.2
Item number .B66 1989
082 00 - DEWEY DECIMAL CLASSIFICATION NUMBER
Classification number 226/.506/088289
Edition information 19
100 1# - MAIN ENTRY--PERSONAL NAME
Personal name Bowman, Robert M.
245 10 - TITLE STATEMENT
Title Jehovah's Witnesses, Jesus Christ, and the Gospel of John /
Statement of responsibility, etc. Robert M. Bowman, Jr.
260 ## - PUBLICATION, DISTRIBUTION, ETC.
Place of publication, distribution, etc. Grand Rapids, Mich. :
Name of publisher, distributor, etc. Baker Book House,
Date of publication, distribution, etc. c1989.
300 ## - PHYSICAL DESCRIPTION
Extent 171 p. ;
Dimensions 22 cm.
500 ## - GENERAL NOTE
General note Includes indexes.
650 #0 - SUBJECT ADDED ENTRY--TOPICAL TERM
Topical term or geographic name entry element Jehovah's Witnesses
General subdivision Controversial literature.
942 ## - ADDED ENTRY ELEMENTS (KOHA)
Source of classification or shelving scheme Library of Congress Classification
Koha item type Books
Suppress in OPAC No
999 ## -
-- 7003
-- 7003
Holdings
Withdrawn status Lost status Source of classification or shelving scheme Damaged status Not for loan Collection Home library Current library Shelving location Date acquired Total checkouts Full call number Barcode Date last seen Copy number Price effective from Koha item type
    Library of Congress Classification     Non-fiction Undergraduate Library (Christ Temple) Undergraduate Library (Christ Temple) General stacks 07/16/2025   BS 2615.2 BOW ulct00003897 07/16/2025 1 07/16/2025 Books
© 2023-2024 Copyright: Central University Libraries. All Rights Reserved | Created by: Mahone Tech Office